000
00289nam a2200097Ia 4500
082
_a
320.968|ALEX
245
0
_a
Thoughts on the new South Africa
100
_a
Alexander, Neville Auckland Park, South Africa, 2013
_9
61506
942
_c
BK
008
210817s9999 xx 000 0 und d
999
_c
193710
_d
193709